Sahityik nibandh (Record no. 7176)

MARC details
000 -LEADER
fixed length control field 00512cam a2200205ua 4500
001 - CONTROL NUMBER
control field 8065
005 - DATE AND TIME OF LATEST TRANSACTION
control field 20260515114306.0
008 - FIXED-LENGTH DATA ELEMENTS--GENERAL INFORMATION
fixed length control field 150108n ii |||gr||||Z||||||hin
040 ## - CATALOGING SOURCE
Transcribing agency MAIN
041 ## - LANGUAGE CODE
Language code of text/sound track or separate title hin
082 ## - DEWEY DECIMAL CLASSIFICATION NUMBER
Classification number 891.434
100 ## - MAIN ENTRY--PERSONAL NAME
Personal name Gupta, G. Ch.,
Relator term Author.
245 1# - TITLE STATEMENT
Title Sahityik nibandh
Statement of responsibility, etc. By Ganpati Chandra Gupta
250 ## - EDITION STATEMENT
Edition statement 17th rev.
260 ## - PUBLICATION, DISTRIBUTION, ETC.
Place of publication, distribution, etc. Ilahabad:
Name of publisher, distributor, etc. Lokbharati,
Date of publication, distribution, etc. 2000.
300 ## - PHYSICAL DESCRIPTION
Extent 782p.
653 ## - INDEX TERM--UNCONTROLLED
Uncontrolled term East Indo-European & Celtic literatures
653 ## - INDEX TERM--UNCONTROLLED
Uncontrolled term Hindi essays
942 ## - ADDED ENTRY ELEMENTS (KOHA)
Koha item type Books
Holdings
Withdrawn status Lost status Damaged status Not for loan Home library Current library Shelving location Date acquired Total checkouts Full call number Barcode Date last seen Copy number Price effective from Koha item type
        Naharkatiya College Library Naharkatiya College Library General stacks 09/19/2020   891.434 | GUP 6984 09/19/2020 1 09/19/2020 Books